000 00775nam a2200241 i 4500
001 89763
003 ES-MaACL
005 20230906180250.0
007 t|
008 050112s1986 sp ||||1| spa d
020 _a84-311-0176-8
100 0 _aLaunay, Clément.
_970601
245 1 0 _aTrastornos del lenguaje, la palabra y la voz en el niño /
_cpor Clément Launay y S. Borel-Maissony ; traducción y adaptación de Jorge Perelló.
250 _a2ª ed., 2ª reimp.
260 _aBarcelona :
_bMasson,
_c1986.
300 _aX, 406 p. :
_bil. ;
_c25 cm.
500 _aIndice.
650 0 4 _aLenguaje-
_xTrastornos.
_914347
700 1 _aBorel-Maissony, S.
_930436
700 1 _aPerello, Jorge.
_9199715
852 _aES-MaACL
_jG-1540
_bR.114374
999 _c89763
_d89763